| 000 | 00918nam a22002415i 4500 | ||
|---|---|---|---|
| 001 | 161540 | ||
| 003 | ES-MaACL | ||
| 005 | 20250824031809.0 | ||
| 008 | 041020s1858 fr |||| | fre d | ||
| 040 |
_aCAM _bspa _cCAM |
||
| 100 | 1 |
_aPatin, Henri Joseph Guillaume. _9130895 |
|
| 245 | 1 | 0 |
_aEtudes sur les tragiques grecs / _cpar M. Patin. |
| 250 | _a2e éd. rev. et augm. | ||
| 260 |
_aParis : _bLibrairie de L. Hachette et c\pie\s, _c1858 ( _fTypographie de Ch. Lahure) |
||
| 300 |
_a4 v. ; _c18 cm. |
||
| 505 | 8 | _aContiene: T.I-II, Euripide (427; 423 p.) - T.III, Eschyle (386 p.) - T.IV, Sophocle (389 p.) | |
| 600 | 0 | 4 |
_aEsquilo. _947970 |
| 600 | 0 | 4 |
_aSófocles. _9107023 |
| 600 | 0 | 4 |
_aEurípides. _948332 |
| 650 | 7 |
_aTeatro griego _2embne _9136910 |
|
| 852 |
_aES-MaACL _jD-832-835 _z-- Enc. hol. _q-- Falto de la port. y antep. del t.III, sustituida por una port. de un t.II |
||
| 999 |
_c161540 _d161540 |
||